LEADER 04086nam 22006854a 450 001 9910456500703321 005 20200520144314.0 010 $a1-282-54378-4 010 $a9786612543784 010 $a0-19-971884-9 035 $a(CKB)2550000000010653 035 $a(EBL)737368 035 $a(OCoLC)607554775 035 $a(SSID)ssj0000420689 035 $a(PQKBManifestationID)11310078 035 $a(PQKBTitleCode)TC0000420689 035 $a(PQKBWorkID)10393300 035 $a(PQKB)10774318 035 $a(MiAaPQ)EBC737368 035 $a(Au-PeEL)EBL737368 035 $a(CaPaEBR)ebr10375091 035 $a(CaONFJC)MIL254378 035 $a(EXLCZ)992550000000010653 100 $a20080408d2009 uy 0 101 0 $aeng 135 $aur|n|---||||| 181 $ctxt 182 $cc 183 $acr 200 00$aIntegrative oncology$b[electronic resource] /$fedited by Donald I. Abrams, Andrew T. Weil 210 $aOxford ;$aNew York $cOxford University Press$d2009 215 $a1 online resource (1028 p.) 225 1 $aWeil integrative medicine library 300 $aDescription based upon print version of record. 311 $a0-19-530944-8 320 $aIncludes bibliographical references and index. 327 $aCover Page; Title Page; Copyright Page; Dedication; PREFACE TO THE SERIES; PREFACE; CONTENTS; Contributors; 1. Why Integrative Oncology?; 2. An Integrative Approach to Cancer Prevention; 3. Molecular Targets of Botanicals Used for Chemoprevention; 4. Diet and Cancer: Epidemiology and Prevention; 5. Nutritional Interventions in Cancer; 6. Botanical Medicine in Integrative Oncology; 7. Cannabinoids and Cancer; 8. CAM: Chemo Interactions-What Is Known?; 9. The Antioxidant Debate; 10. Physical Activity and Cancer; 11. Massage Therapy; 12. Mind-Body Medicine in Integrative Cancer Care 327 $a13. Traditional and Modern Chinese Medicine14. Cancer: An Ayurvedic Perspective; 15. Homeopathy for Primary and Adjunctive Cancer Therapy; 16. Anthroposophic Medicine, Integrative Oncology, and Mistletoe Therapy of Cancer; 17. Energy Medicine and Cancer; 18. Tending the Spirit in Cancer; 19. The Role of Spirituality; 20. Integrative Medicine and Breast Cancer; 21. Prostate Cancer: An Integrative Approach; 22. Integrative Medicine in Colorectal Cancer; 23. Radiation Therapy and Integrative Oncology; 24. Integrative Medicine in Symptom Management and Palliative Care 327 $a25. CAM Therapies to Mitigate the Toxicities of Cancer Therapy26. Alternative Therapies as Primary Treatments for Cancer; 27. CAM and Cancer Research Methodology; 28. Truth and Truth Telling in Integrative Oncology; 29. A Patient's Perspective; 30. Integrative Oncology: The Future; Index; Footnotes; Ch01fn; Ch06fn; Ch14fn; Ch15fn; Ch16fn 330 $aPeople facing a new diagnosis of cancer are unsettled by their prognosis and treatment options, and they often seek to integrate complementary modalities into their conventional care plan, hoping to improve their chances of cure and decrease side effects. Many do so without informing their oncologist, for fear of alienating them or not convinced that their physician would be informed about complementary therapies. Integrative Oncology, the first volume in the Weil Integrative Medicine Library, provides a wealth of information for both practitioners and consumers on the emerging field of integr 410 0$aWeil integrative medicine library. 606 $aOncology 606 $aCancer$xAlternative treatment 606 $aCancer$xAdjuvant treatment 606 $aIntegrative medicine 608 $aElectronic books. 615 0$aOncology. 615 0$aCancer$xAlternative treatment. 615 0$aCancer$xAdjuvant treatment. 615 0$aIntegrative medicine. 676 $a616.99/406 701 $aAbrams$b Donald I$0899535 701 $aWeil$b Andrew$0899536 801 0$bMiAaPQ 801 1$bMiAaPQ 801 2$bMiAaPQ 906 $aBOOK 912 $a9910456500703321 996 $aIntegrative oncology$92009919 997 $aUNINA LEADER 04884nam 22007455 450 001 9910299904803321 005 20251230061614.0 010 $a3-319-60822-3 024 7 $a10.1007/978-3-319-60822-8 035 $a(CKB)3710000001406043 035 $a(DE-He213)978-3-319-60822-8 035 $a(MiAaPQ)EBC4877850 035 $a(PPN)202992543 035 $a(EXLCZ)993710000001406043 100 $a20170614d2018 u| 0 101 0 $aeng 135 $aurnn|008mamaa 181 $ctxt$2rdacontent 182 $cc$2rdamedia 183 $acr$2rdacarrier 200 10$aAdvances in Human Factors in Sports, Injury Prevention and Outdoor Recreation $eProceedings of the AHFE 2017 International Conference on Human Factors in Sports, Injury Prevention and Outdoor Recreation, July 17-21, 2017, The Westin Bonaventure Hotel, Los Angeles, California, USA /$fedited by Tareq Ahram 205 $a1st ed. 2018. 210 1$aCham :$cSpringer International Publishing :$cImprint: Springer,$d2018. 215 $a1 online resource (X, 168 p. 52 illus.) 225 1 $aAdvances in Intelligent Systems and Computing,$x2194-5365 ;$v603 311 08$a3-319-60821-5 320 $aIncludes bibliographical references at the end of each chapters and index. 327 $aEffect of rater expertise on subjective agility assessment -- Effectiveness of avoiding head collision of a head with an object in motion ? virtual reality technology in diagnostic and training from perspective of prophylactic of body injuries -- Methodology for the assessment of clothing and individual equipment (CIE) -- Dynamic model of athlete's emotions based on wearable devices. 330 $aThis book describes cutting-edge applications of human factors for sports, injury prevention and outdoor recreation disciplines and provide practical guidance on a range of methods for describing, representing, and evaluating human, team, and system performance in various domains. Contributions in this book show how various human factors methods, applied historically in the complex safety critical domains, are suited to describing and understanding sports performance and sports injury prevention. The book discusses a wealth of methods for different purposes, such as data collection, task analysis (including cognitive task analysis), workload measurement, assessing situation awareness, performance assessment (including team performance assessment),decision making and cognition in sports, human error identification, and interface evaluation methods. With respect to other publications in human factors and ergonomics, which have been more focused on the biomechanical, physiological, environmental, and equipment-related aspects of sports performance, this book gives a special emphasis to research on analysis of individual and team sports, cognitive and social human factors, and covers both sports and outdoor recreation disciplines. Based on the AHFE 2017 Conference on Human Factors in Sports, Injury Prevention and Outdoor Recreation, held on July 17-21, 2017, in Los Angeles, California, USA, this book provides readers with a timely survey of new methods that can be implemented during any sport or outdoor recreation event, and for analyzing and improving the performance and safety of both individuals and teams. 410 0$aAdvances in Intelligent Systems and Computing,$x2194-5365 ;$v603 606 $aSecurity systems 606 $aSports$xPsychological aspects 606 $aBiomedical engineering 606 $aComputational intelligence 606 $aUser interfaces (Computer systems) 606 $aHuman-computer interaction 606 $aSports$xSociological aspects 606 $aSecurity Science and Technology 606 $aSport Psychology 606 $aBiomedical Engineering and Bioengineering 606 $aComputational Intelligence 606 $aUser Interfaces and Human Computer Interaction 606 $aSport Sociology 615 0$aSecurity systems. 615 0$aSports$xPsychological aspects. 615 0$aBiomedical engineering. 615 0$aComputational intelligence. 615 0$aUser interfaces (Computer systems) 615 0$aHuman-computer interaction. 615 0$aSports$xSociological aspects. 615 14$aSecurity Science and Technology. 615 24$aSport Psychology. 615 24$aBiomedical Engineering and Bioengineering. 615 24$aComputational Intelligence. 615 24$aUser Interfaces and Human Computer Interaction. 615 24$aSport Sociology. 676 $a620.82 702 $aAhram$b Tareq$4edt$4http://id.loc.gov/vocabulary/relators/edt 801 0$bMiAaPQ 801 1$bMiAaPQ 801 2$bMiAaPQ 906 $aBOOK 912 $a9910299904803321 996 $aAdvances in Human Factors in Sports, Injury Prevention and Outdoor Recreation$92517875 997 $aUNINA